| 000 | 00742nam a2200265Ia 4500 | ||
|---|---|---|---|
| 001 | 1811 | ||
| 005 | 20240113233516.0 | ||
| 007 | ta | ||
| 008 | 050211s2003 g b000 u eng u | ||
| 040 | _aCotton College,Assam | ||
| 041 | _aeng | ||
| 082 |
_a301.2 _bTr 73 St |
||
| 100 | _aTribhuwan, Robin David . | ||
| 245 | 0 |
_aStreets of Insecurity: A Study of Pavement Dwellers in India / _cRobin David Tribhuwan. _hTextual Documents |
|
| 250 | _a1st ed. / | ||
| 260 |
_aNew Delhi : _bDiscovery Publishing house , _c2003. |
||
| 300 |
_a157p. ; _c22cm.. |
||
| 504 | _aRef. | ||
| 653 | _aSociology | ||
| 653 | _aPavement Dwellers-India | ||
| 653 | _aG-Sociology | ||
| 942 |
_2ddc _cBK |
||
| 999 |
_c1806 _d1806 |
||